000 00599nam a2200193 4500
001 126930
003 ES-MaACL
005 20250916063051.0
007 t|
008 070214s1955 sp r ||||1| spa d
100 1 _aRiber, Llorenç,
_d1881-1958
_996765
245 1 0 _aMarco Valerio Marcial
_b: un celtíbero en Roma /
_cLorenzo Riber Campins ; con prólogo del autor.
260 _aMadrid :
_bAguilar,
_c1955.
300 _a434 p. ;
_c12 cm.
490 1 _aCrisol ;
_v43 bis
830 0 _aCrisol ;
_v43 bis
_9180848
852 _aES-MaACL
_jC-10145
_bR.37398
999 _c126930
_d126930